Szállodai kihasználtság és üzleti szimbiózis Egy irodaházban működő hotel kihívásai és lehetőségei

Bibliographic Details
Main Author: Vázsonyi Virág
Other Authors: Rézmányi Zsolt
Format: Project work
Kulcsszavak:fejlődési lehetőségek
kombóhotel
márkanév
szállodaipar
üzleti döntések
Online Access:http://dolgozattar.uni-bge.hu/59805

MARC

LEADER 00000nnm a2200000 i 4500
001 dolg59805
005 20260409145602.0
008 260409suuuu hu o 000 hun d
040 |a BGE Dolgozattár Repozitórium  |b hun 
041 |a hu 
100 1 |a Vázsonyi Virág 
245 1 0 |a Szállodai kihasználtság és üzleti szimbiózis  |b Egy irodaházban működő hotel kihívásai és lehetőségei  |c Vázsonyi Virág  |h [elektronikus dokumentum] 
516 |a Project_work 
520 3 |a A projektmunka központi témája az ibis and TRIBE Budapest Stadium szálloda működési modelljének és üzleti lehetőségeinek vizsgálata. Különös figyelemmel az irodaházban és a környező területeken működő cégekkel való együttműködésre. A dolgozat bemutatja a hotel részletes felépítését és nehézségeit. Továbbá részletesen elemzi az ibis és a Tribe márkák kombinációjának előnyeit. A dolgozat kitér a légitársasági együttműködések, a buszforgalom, valamint a sport és kultúrális rendezvényekhez kapcsolódó üzleti lehetőségek kiaknázására, illetve a TRIBE márka erősítésére is. 
695 |a fejlődési lehetőségek 
695 |a kombóhotel 
695 |a márkanév 
695 |a szállodaipar 
695 |a üzleti döntések 
700 1 |a Rézmányi Zsolt  |e ths 
856 4 0 |u http://dolgozattar.uni-bge.hu/59805/1/V%C3%A1zsonyi%20Vir%C3%A1g_Sz%C3%A1llodai%20kihaszn%C3%A1lts%C3%A1g%20%C3%A9s%20%C3%BCzleti%20szimbi%C3%B3zis_FOSZK.pdf  |z Dokumentum-elérés 
856 4 0 |u http://dolgozattar.uni-bge.hu/59805/2/Projektmunka%20b%C3%ADr%C3%A1lati%20lap_V%C3%A1zsonyi%20Vir%C3%A1g.pdf  |z Dokumentum-elérés